000 00556nam a2200205Ia 4500
005 20250923144642.0
008 008 250917s9999 xx 000 0 eng d
037 _aTextual
040 _aDSWL
_beng
_cDSWL
041 _aeng
_2eng
084 _a2:8, N5
_qDSWL
100 _aRanganathan, S.R.
_9827031
245 0 _aLibrary administration
_cby S.R. Ranganathan
260 _aNew Delhi
_b Asia Pub. House
_c1959
300 _a678p.
365 _aINR
_b24
925 _g24
942 _cTEXL
_h2:8, N5
999 _c1441647
_d1441647